| 000 | 00704nam a22002297a 4500 | ||
|---|---|---|---|
| 005 | 20230114150725.0 | ||
| 008 | 230114b |||||||| |||| 00| 0 eng d | ||
| 020 |
_a9781138042643 _cRs.995.00 |
||
| 040 | _aLoreto College | ||
| 041 | _aEnglish | ||
| 082 |
_a801.95 _bGOU |
||
| 100 | _aGoulimari,Pelagia | ||
| 245 |
_aLiterary criticism and theory _bFrom Plato to postcolonialism _cPelagia Goulimari |
||
| 260 |
_aOxon _bRoutledge _c2015 |
||
| 300 |
_avii,377p _b22cm |
||
| 504 | _aIncludes bibliographical references and index | ||
| 650 | _aCriticism-History | ||
| 650 | _aLiterature-Philosophy-History | ||
| 650 | _aLiterature-History and criticism-Theory,etc. | ||
| 850 | _aLCLIB | ||
| 942 | _cBK | ||
| 999 |
_c43097 _d93576 |
||